000 00458nam a2200181Ia 4500
001 9533
005 20260306161725.0
008 260306t1990||||xx |||||||||||||| ||spa||
041 _aESP
082 _a380.985
_bA77
100 _aArróspide Mejía, Ramón
_eAUT
245 0 _aLa Bioceanidad del Perú:
_bVía transcontinental peruana
260 _c1990
300 _a115 páginas :
_c22 cm.
650 _aGEN
654 _aCAN
942 _cLIB
_dJUS
_fJUS
_2ddc
_n
999 _c9533
_d9533